[Event "16th Asian Continental w"]
[Site "Chengdu CHN"]
[Date "2017.05.13"]
[Round "2.21"]
[White "Li Xueyi"]
[Black "Owezdurdiyeva,J"]
[Result "1-0"]
[WhiteElo "2161"]
[BlackElo "2016"]

1.d4 Nf6 2.c4 g6 3.g3 Bg7 4.Bg2 d5 5.cxd5 Nxd5 6.e4 Nb6 7.Ne2 O-O 8.O-O Nc6
9.d5 Na5 10.Nbc3 c6 11.b3 cxd5 12.exd5 e6 13.Ba3 Re8 14.d6 Bd7 15.Rc1 f5
16.Nd4 a6 17.Bb4 Nc6 18.Nxc6 Bxc6 19.Bxc6 bxc6 20.Ba5 Qb8 21.d7 Rd8 22.Bxb6
Qxb6 23.Qd6 Kf7 24.Rfe1 e5 25.Na4 Qd4 26.Qxc6 Qxd7 27.Qxd7+ Rxd7 28.Nb6 Rad8
29.Nxd7 Rxd7 30.Red1 Ra7 31.Rc6 Bf8 32.Rdc1 Be7 33.Rc7 Ra8 34.Rc8 Rxc8 35.Rxc8
a5 36.Ra8 Bb4 37.a3 Bc3 38.Ra7+ Ke6 39.Rxh7 e4 40.Kf1 Bb2 41.Ra7 Bxa3 42.Rxa5
Bd6 43.Ra6 Kd5 44.h4 e3 45.Rxd6+ {#r} 1-0

[Event "ch-ISL 2017"]
[Site "Hafnarfjordur ISL"]
[Date "2017.05.13"]
[Round "3.1"]
[White "Birkisson,Bardur Orn"]
[Black "Thorfinnsson,Bj"]
[Result "0-1"]
[WhiteElo "2162"]
[BlackElo "2407"]

1.d4 Nf6 2.Nf3 d5 3.Bf4 c5 4.e3 Nc6 5.c3 Qb6 6.Qb3 c4 7.Qxb6 axb6 8.Na3 Ra5
9.Bc7 Ra6 10.Be2 Bf5 11.Nh4 e6 12.Nb5 Be4 13.f3 Bc2 14.g3 Kd7 15.Bd1 Bxd1
16.Kxd1 Ne8 17.Bf4 f6 18.e4 g5 19.exd5 exd5 20.Ng2 gxf4 21.Nxf4 Ra5 22.a4 Nc7
23.Nxc7 Kxc7 {#R} 0-1

[Event "Croatian Cup 2017"]
[Site "Mali Losinj CRO"]
[Date "2017.05.11"]
[Round "3.3"]
[White "Vucic,Mi"]
[Black "Bubalovic,D"]
[Result "0-1"]
[WhiteElo "2167"]
[BlackElo "2211"]

1.e4 c5 2.Nf3 Nc6 3.c3 d5 4.exd5 Qxd5 5.d4 Bf5 6.Be3 cxd4 7.cxd4 Bxb1 8.Rxb1
e6 9.Bd3 Bb4+ 10.Ke2 Qxa2 11.Qc2 Rc8 12.Ra1 Qd5 13.Qa4 Ne7 14.h4 O-O 15.g4 a5
16.Rad1 Qd6 17.Qb5 Qd5 18.h5 Qxb5 19.Bxb5 Nd5 20.Bd3 Rfe8 21.Ng5 h6 22.Nf3 f6
23.Rhg1 Kh8 24.Rg2 Bd6 25.Nh4 Nce7 26.Kf3 e5 27.Ng6+ Nxg6 28.Bxg6 Red8 29.Bf5
Rb8 30.Ke4 Ne7 31.f4 exf4 32.Bxf4 Bxf4 33.Kxf4 Nd5+ 34.Ke4 Rd6 35.Bg6 Rbd8
36.Bf7 R8d7 37.Bxd5 Rxd5 38.Rf2 Rg5 39.Rf4 Kg8 40.Rd3 Kf7 41.Rb3 b5 42.Rc3
Re7+ 43.Kd3 Re1 44.Rc5 Rd1+ 45.Ke4 Rxc5 46.dxc5 Ke6 47.Rf5 Re1+ 48.Kd3 Kd7
49.g5 Ke6 50.Rf2 hxg5 51.Rc2 Kd7 52.c6+ Kc7 53.Rc5 Re5 {#R} 0-1

[Event "16th Asian Continental w"]
[Site "Chengdu CHN"]
[Date "2017.05.14"]
[Round "3.22"]
[White "Geldyeva,M"]
[Black "Hallaeva,B"]
[Result "1-0"]
[WhiteElo "2169"]
[BlackElo "2085"]

1.d4 Nf6 2.c4 e6 3.Nf3 b6 4.g3 Bb7 5.Bg2 c5 6.O-O Be7 7.Nc3 O-O 8.d5 exd5
9.cxd5 d6 10.Nh4 Ne8 11.Nf5 Nd7 12.f4 g6 13.Nxe7+ Qxe7 14.e4 f6 15.Re1 Nc7
16.b3 b5 17.Bb2 b4 18.Nb1 Qf7 19.Nd2 Nb6 20.Nc4 Rad8 21.Qd2 Nc8 22.Rad1 h6
23.Ne3 Kh7 24.Ng4 Ne8 25.e5 f5 26.Ne3 Nb6 27.Nc4 Nxc4 28.bxc4 a5 29.Qc2 Ba6
30.Re3 Qa7 31.Rde1 Rd7 32.Bf1 Rff7 33.Ba1 a4 34.Qb2 a3 35.Qe2 Rb7 36.g4 fxg4
37.Qxg4 Rg7 38.Bd3 Rg8 39.h4 Rbg7 40.Kh2 Qc7 41.e6 Qe7 42.Be4 Rf8 43.h5 Kg8
44.hxg6 Nf6 45.Qf5 Kh8 46.Rh3 Ng8 47.Qg5 {#r} 1-0

[Event "16th Asian Continental w"]
[Site "Chengdu CHN"]
[Date "2017.05.12"]
[Round "1.2"]
[White "Geldyeva,M"]
[Black "Khademalsharieh,S"]
[Result "0-1"]
[WhiteElo "2169"]
[BlackElo "2450"]

1.d4 Nf6 2.c4 e6 3.Nf3 d5 4.Bg5 Bb4+ 5.Nc3 dxc4 6.Qa4+ Nc6 7.a3 Bxc3+ 8.bxc3
Qd5 9.Bf4 Bd7 10.Qd1 Ne4 11.Qc2 O-O-O 12.Rb1 Qf5 13.Qb2 Na5 14.Bd2 Bc6 15.g4
Qxg4 16.Ne5 Qf5 17.f3 Nxd2 {#R} 0-1

[Event "6th Llucmajor Open 2017"]
[Site "Llucmajor ESP"]
[Date "2017.05.14"]
[Round "2.13"]
[White "Al Hageri,B"]
[Black "Rotstein,A"]
[Result "0-1"]
[WhiteElo "2172"]
[BlackElo "2489"]

1.e4 c6 2.d4 d5 3.Nc3 g6 4.Nf3 Bg7 5.Bd3 Bg4 6.O-O Nf6 7.e5 Nfd7 8.h3 Bxf3
9.Qxf3 e6 10.b3 c5 11.Ba3 Nc6 12.Nb5 O-O 13.c3 a6 14.Nd6 cxd4 15.Nxb7 Qb6
16.Bxf8 Rxf8 17.Qe2 Qxb7 18.Bxa6 Qb6 19.Bb5 dxc3 20.Bxc6 Qxc6 21.f4 Nc5 22.Kh2
Ne4 23.b4 Rb8 24.Rfb1 Bh6 25.g3 c2 26.Rc1 Qc3 27.Qg2 Rxb4 {#R} 0-1

[Event "TCh-BLR 2017"]
[Site "Minsk BLR"]
[Date "2017.05.10"]
[Round "3.2"]
[White "Poleshchuk,D"]
[Black "Smirnov,Va"]
[Result "0-1"]
[WhiteElo "2176"]
[BlackElo "2297"]

1.e4 c5 2.Nf3 Nc6 3.d4 cxd4 4.Nxd4 Qb6 5.Nb3 Nf6 6.Nc3 e6 7.Bg5 Be7 8.Qd2 O-O
9.f3 Rd8 10.Be3 Qc7 11.Bf4 d6 12.g4 Ne5 13.Qe3 a6 14.O-O-O b5 15.g5 Nh5 16.Bg3
b4 17.Na4 Nxg3 18.hxg3 Rb8 19.f4 Bd7 20.fxe5 Bxa4 21.exd6 Rxd6 22.Bd3 Qd8
23.Kb1 Bxg5 24.Qe2 Bb5 25.Qh5 h6 26.Rhf1 Qc7 27.Bxb5 Rxd1+ 28.Rxd1 axb5 29.Qf3
Ra8 30.Nc1 Bxc1 31.Rxc1 Qc4 32.b3 Qc5 33.c4 bxc3 34.Qxc3 Qf2 35.Rc2 Qg1+
36.Kb2 Rd8 37.e5 g5 38.Qc5 Qxg3 39.Qxb5 Rd5 40.Qe8+ Kg7 41.a4 Qxe5+ 42.Ka2 Rd1
43.Rb2 Qe1 44.Rc2 Ra1+ 45.Kb2 Qe5+ 46.Rc3 Rf1 47.Qc6 g4 48.Qg2 Qf5 49.Rc2 h5
50.b4 Qe5+ 51.Kb3 Rb1+ 52.Rb2 Rxb2+ 53.Qxb2 Qxb2+ 54.Kxb2 g3 {#R} 0-1

[Event "Zahoracky IM 2017"]
[Site "Senica SVK"]
[Date "2017.05.13"]
[Round "8.1"]
[White "Kolesar,Mil"]
[Black "Sahidi,Samir"]
[Result "1-0"]
[WhiteElo "2180"]
[BlackElo "2210"]

1.Nf3 Nf6 2.c4 c5 3.Nc3 g6 4.d4 cxd4 5.Nxd4 Bg7 6.e4 d6 7.Be2 O-O 8.O-O Nc6
9.Be3 Bd7 10.Qd2 Nxd4 11.Bxd4 Bc6 12.f3 Nd7 13.Be3 a5 14.b3 Nc5 15.Rab1 Qb6
16.Nb5 Bxb5 17.cxb5 Rac8 18.Bc4 Qd8 19.Rfd1 a4 20.Rbc1 axb3 21.axb3 Ne6 22.Rc2
Qd7 23.Rdc1 Ra8 24.Qb4 Rfc8 25.h3 Be5 26.Qd2 Qe8 27.Qd5 Nd8 28.f4 Bg7 29.Bb6
Rab8 30.e5 dxe5 31.fxe5 Kh8 32.Rf1 Ne6 33.Rcf2 Nd8 34.Rf3 e6 35.Qe4 Kg8 36.h4
Qe7 37.h5 Rc7 38.hxg6 hxg6 39.Rd3 Rc5 40.Qd4 Rcc8 41.Rfd1 Bf8 42.Qf4 Qe8
43.Kh1 Be7 44.Rh3 Qf8 45.Rd7 Nc6 46.bxc6 Rxc6 47.Rxe7 Rxb6 48.Qf6 Qg7 49.Rxf7
Qxf6 50.Rxf6 {#r} 1-0

[Event "Zahoracky IM 2017"]
[Site "Senica SVK"]
[Date "2017.05.12"]
[Round "6.1"]
[White "Kolesar,Mil"]
[Black "Haring,V"]
[Result "1-0"]
[WhiteElo "2180"]
[BlackElo "2282"]

1.Nf3 Nc6 2.d4 d5 3.Bf4 Bg4 4.e3 e6 5.c4 Bd6 6.Bg3 Nge7 7.Nc3 Bxg3 8.hxg3 e5
9.cxd5 Nxd5 10.Qb3 Nxc3 11.bxc3 Qf6 12.Be2 O-O-O 13.Rb1 b6 14.d5 Na5 15.Qb4 e4
16.O-O Rxd5 17.Qxe4 Qe6 18.Qb4 h5 19.e4 Rc5 20.Ba6+ Kd8 21.Rbd1+ Ke7 22.Nd4
Qg6 23.Nf5+ Bxf5 24.exf5 Qc6 25.Rfe1+ Kf6 26.Qh4+ g5 27.Qd4+ {#r} 1-0

[Event "Zahoracky IM 2017"]
[Site "Senica SVK"]
[Date "2017.05.10"]
[Round "4.1"]
[White "Kolesar,Mil"]
[Black "Gasa,A"]
[Result "1-0"]
[WhiteElo "2180"]
[BlackElo "2286"]

1.Nf3 d5 2.d4 Nf6 3.c4 c6 4.cxd5 cxd5 5.Nc3 Nc6 6.Bf4 g6 7.e3 Bg7 8.h3 O-O
9.Bd3 Qb6 10.a3 a6 11.O-O Na5 12.b4 Nc4 13.Qe2 Nd6 14.Be5 e6 15.Na4 Qd8 16.Nc5
Qe7 17.Rfc1 Nd7 18.Bh2 Nb6 19.Ne5 f6 20.Nf3 e5 21.dxe5 fxe5 22.e4 d4 23.a4 Kh8
24.a5 Nd7 25.Na4 Nf7 26.Rc4 Ng5 27.Nxg5 Qxg5 28.Rac1 Nf6 29.Nb6 Bxh3 30.f4
exf4 31.Nxa8 Rxa8 32.Qf3 Be6 33.Bxf4 Qh4 34.Rc7 Nh5 35.Bd6 Bh6 36.Be7 Qf4
37.R1c2 Qe5 38.g4 Be3+ 39.Kh1 Nf4 40.R2c5 Qg7 41.g5 Kg8 42.Bf6 Qf8 43.Rg7+
Qxg7 44.Bxg7 Kxg7 45.Rc7+ Kg8 46.Bc4 Rf8 47.Qg4 Bxc4 48.Rxc4 Nh5 49.Qe6+ Kh8
50.Rc8 {#r} 1-0

[Event "Copenhagen CC 2017"]
[Site "Ballerup DEN"]
[Date "2017.05.12"]
[Round "5.10"]
[White "Moe,M"]
[Black "Arman,D"]
[Result "0-1"]
[WhiteElo "2185"]
[BlackElo "2377"]

1.e4 Nc6 2.d4 d5 3.Nc3 Nf6 4.e5 Nd7 5.Nxd5 Ndb8 6.Ne3 Qxd4 7.Qxd4 Nxd4 8.c3
Ne6 9.Nf3 g6 10.b3 Bg7 11.Bb2 Nd7 12.c4 Ndc5 13.Be2 c6 14.Rd1 a5 15.Nd4 Nf4
16.g3 Nxe2 17.Nxe2 a4 18.b4 a3 19.Bd4 Na4 20.Rd2 Nb2 21.f4 f6 22.exf6 Bxf6
23.Bxf6 exf6 24.Nd4 Kf7 25.Ke2 Re8 26.Rc1 Ra4 27.Rc3 Rxb4 28.Nc2 Rxc4 29.Rxa3
Rce4 30.Kf3 Nc4 31.Nxc4 Rxc4 32.Ne3 Rce4 33.Rb2 h5 34.Rb6 Rd4 35.Rab3 Rd2
36.Rb2 Rd3 37.Re2 Bg4+ {#R} 0-1

[Event "Copenhagen CC 2017"]
[Site "Ballerup DEN"]
[Date "2017.05.12"]
[Round "5.9"]
[White "Andreasen,Jo"]
[Black "Teplyi,I"]
[Result "0-1"]
[WhiteElo "2189"]
[BlackElo "2440"]

1.d4 Nf6 2.c4 e6 3.Nc3 Bb4 4.e3 O-O 5.Ne2 d5 6.a3 Be7 7.cxd5 exd5 8.Nf4 Re8
9.Bd3 Bd6 10.O-O Bxf4 11.exf4 Nc6 12.Bc2 Ne7 13.h3 h5 14.Qf3 Bf5 15.Bxf5 Nxf5
16.Rd1 Qd7 17.g4 hxg4 18.hxg4 Nh4 19.Qg3 Qxg4 20.Qxg4 Nxg4 21.Nxd5 Re2 22.Be3
c6 23.Nc3 Rxb2 24.Rdb1 Rxb1+ 25.Rxb1 b6 26.Rc1 Rd8 27.Ne2 Rd6 28.Kf1 Nf5
29.Rc3 Re6 30.Bc1 Nf6 31.a4 Nd5 32.Rc4 Kf8 33.Ba3+ Ke8 34.Bc1 Kd7 35.Bd2 Re4
36.f3 Re3 37.Kf2 Ra3 {#R} 0-1

[Event "TCh-BLR 2017"]
[Site "Minsk BLR"]
[Date "2017.05.13"]
[Round "6.1"]
[White "Savitski,A"]
[Black "Zhigalko,A"]
[Result "0-1"]
[WhiteElo "2192"]
[BlackElo "2566"]

1.e4 c5 2.d4 cxd4 3.c3 dxc3 4.Nxc3 Nc6 5.Bc4 a6 6.Nf3 d6 7.O-O Nf6 8.h3 e6
9.Qe2 b5 10.Bb3 Be7 11.Rd1 Qb6 12.Bf4 Na5 13.Qd3 Bb7 14.Bc2 Rd8 15.Qe2 O-O
16.Rac1 Rd7 17.e5 dxe5 18.Nxe5 Rxd1+ 19.Rxd1 Rd8 20.Rxd8+ Qxd8 21.a3 Qd4
22.Bd2 Nc6 23.Nf3 Qd7 24.Be3 h6 25.Bb3 Na5 26.Bc2 Nc4 27.Bc1 Qc6 28.Nd1 Ne5
29.Ne1 Bd6 30.Nc3 Nc4 31.Qd3 e5 32.Bb3 e4 33.Qc2 Be5 34.Ne2 Nxb2 {#R} 0-1

[Event "Lviv Rapid Cup 2017"]
[Site "Lviv UKR"]
[Date "2017.05.09"]
[Round "9.7"]
[White "Roshka,Yevgeniy"]
[Black "Sivuk,V"]
[Result "1-0"]
[WhiteElo "2192"]
[BlackElo "2520"]

1.Nf3 Nf6 2.g3 c5 3.Bg2 g6 4.O-O Bg7 5.d3 d5 6.Nbd2 Nc6 7.e4 O-O 8.Re1 e5
9.exd5 Nxd5 10.Nc4 f6 11.Nfd2 Be6 12.Ne4 b6 13.c3 Qd7 14.Qb3 Rad8 15.a4 Nde7
16.Bf1 Kh8 17.a5 Nxa5 18.Rxa5 bxa5 19.Nxc5 Qc8 20.Nxe6 Qxe6 21.Be3 Nc6 22.Bc5
Rfe8 23.Qa4 Bf8 24.Be3 Rb8 25.Bg2 Rec8 26.Re2 Qe8 27.Rd2 Qe6 28.Nxa5 Nxa5
29.Qxa5 a6 30.h4 Rb5 31.Qa4 Bc5 32.Bxc5 Rcxc5 33.c4 Rb8 34.b4 Rc7 35.Bd5 Qb6
36.Ra2 Qxb4 37.Qxa6 Qb6 38.Qa3 Kg7 39.Kg2 h5 40.Qa4 Qb3 41.Qa5 Qb6 42.Qa4 Rd8
43.Qa3 Qc5 44.Qa6 Rb8 45.Qa4 f5 46.Qa6 Re7 47.Re2 Rbe8 48.Rb2 Qa7 49.Qd6 Rd7
50.Qc6 Qc7 51.Qa6 Rd6 52.Qa4 Re7 53.Qa8 Rd8 54.Qa6 Qa7 55.Qc6 Qd7 56.Qa6 e4
57.dxe4 fxe4 58.Rb6 Qf5 59.Rb7 Re8 60.Qa1+ Kh7 61.Rxe7+ Rxe7 62.Qa8 Qe5
63.Qg8+ Kh6 64.Qf8+ Qg7 65.Qf4+ Kh7 66.Bxe4 Qe5 67.Qxe5 Rxe5 68.Kf3 Kg7 69.Ke3
Kf6 70.Kd4 Ra5 71.c5 Ra2 72.Ke3 Ra1 73.c6 Rc1 74.Kf4 Rc4 75.f3 Rc3 76.g4 hxg4
77.fxg4 Rc4 78.h5 g5+ 79.Ke3 Ke5 80.Bg2 Rc3+ 81.Kf2 Rc2+ 82.Kg3 Rc3+ 83.Bf3
Rc2 84.h6 Kf6 85.h7 Kg7 86.Be4 Rc3+ 87.Kf2 Kh8 88.Ke2 Kg7 89.Kd2 Rc4 90.Kd3
Rc1 91.Kd4 Rd1+ 92.Ke5 Rc1 93.Kd6 Rd1+ 94.Kc7 Re1 95.Bf5 Rd1 96.Kb7 Rb1+
97.Bxb1 {#r} 1-0

[Event "Lviv Rapid Cup 2017"]
[Site "Lviv UKR"]
[Date "2017.05.09"]
[Round "11.7"]
[White "Roshka,Yevgeniy"]
[Black "Sergeev,Vl"]
[Result "0-1"]
[WhiteElo "2192"]
[BlackElo "2444"]

1.d4 Nf6 2.c4 c6 3.Nf3 d5 4.Nc3 dxc4 5.a4 a5 6.e3 Bg4 7.Bxc4 e6 8.h3 Bxf3
9.Qxf3 Bb4 10.O-O Nbd7 11.Na2 Bd6 12.e4 e5 13.Qb3 O-O 14.dxe5 Nxe5 15.Bg5 h6
16.Bh4 g5 17.Bg3 Nxe4 18.Bxe5 Bxe5 19.Qc2 Nd6 20.Bb3 Qf6 21.Rad1 Rad8 22.Nc3
Kg7 23.Ba2 Rfe8 24.Bb1 Kf8 25.Qh7 Qg7 26.Qc2 h5 27.Rd3 Nc4 28.Rxd8 Rxd8 29.Ne4
Nd6 30.Qc5 Bd4 31.Qxa5 b6 32.Qxg5 Qxg5 33.Nxg5 Bxb2 34.Ne4 Nxe4 35.Bxe4 c5
36.Rb1 Rd2 37.Bd5 h4 38.Bc4 Ke7 39.Kf1 Bd4 40.Rxb6 Rxf2+ 41.Ke1 Rf4 42.Rb7+
Kd6 43.Bxf7 c4 44.Bxc4 Bc3+ 45.Ke2 Rxc4 46.Kd3 Rc8 47.Rh7 Be1 48.Rh6+ Kc5
49.Ke2 Bg3 50.Kf3 Ra8 51.a5 Rxa5 52.Rh5+ Kb4 53.Rxa5 Kxa5 54.Ke2 Kb4 55.Kf1
Kc3 56.Kg1 Kd2 57.Kh1 Ke2 58.Kg1 Ke1 59.Kh1 Ke2 60.Kg1 Be5 61.g4 hxg3 62.Kg2
Ke3 63.h4 Kf4 64.h5 Kg4 65.h6 Bf6 66.h7 Bh8 67.Kg1 Kf3 68.Kf1 Bc3 69.Kg1 Bd4+
70.Kf1 g2+ 71.Ke1 Ke3 72.Kd1 Kd3 73.Kc1 g1=R# 0-1

[Event "Asian Juniors 2017"]
[Site "Shiraz IRI"]
[Date "2017.05.09"]
[Round "8.4"]
[White "Daghli,Arash"]
[Black "Kumar,G"]
[Result "1-0"]
[WhiteElo "2198"]
[BlackElo "2176"]

1.e4 e5 2.Nc3 Nf6 3.Bc4 Nxe4 4.Qh5 Nd6 5.Bb3 Be7 6.Nf3 O-O 7.h4 Nc6 8.Ng5 h6
9.Qg6 Bxg5 10.hxg5 Qxg5 11.Qxg5 hxg5 12.d3 Nf5 13.Bxg5 Ncd4 14.Nd5 Nxb3
15.Nf6+ gxf6 16.Bxf6 Ng7 17.axb3 Re8 18.g4 Re6 19.g5 Rxf6 20.gxf6 Ne8 21.Rh6
d6 22.Kd2 Nxf6 23.Rxf6 Kg7 24.Rf3 Be6 25.b4 c6 26.Rg1+ Kf8 27.Rfg3 Ke7 28.Rg8
Rf8 29.R1g7 a6 30.Ke3 b6 31.f4 exf4+ 32.Kxf4 c5 33.bxc5 dxc5 34.Rxf8 Kxf8
35.Rh7 Ke7 36.Ke5 Kd7 37.c3 Kc6 38.d4 a5 39.Rh6 cxd4 40.cxd4 Kb5 41.Rxe6 fxe6
42.Kxe6 a4 43.d5 Kb4 44.d6 Kb3 45.d7 Kxb2 46.d8=Q a3 47.Qxb6+ {#r} 1-0

[Event "6th Llucmajor Open 2017"]
[Site "Llucmajor ESP"]
[Date "2017.05.14"]
[Round "2.9"]
[White "Lacrosse,M"]
[Black "Gordon,S"]
[Result "0-1"]
[WhiteElo "2204"]
[BlackElo "2510"]

1.d4 Nf6 2.c4 e6 3.Nf3 b6 4.a3 Ba6 5.Qc2 Bb7 6.Nc3 c5 7.e4 cxd4 8.Nxd4 Bc5
9.Nb3 Nc6 10.Bf4 O-O 11.Rd1 Be7 12.Be2 e5 13.Be3 Qb8 14.c5 bxc5 15.Bxc5 Bxc5
16.Nxc5 Nd4 17.Qd3 Bc6 18.b4 d6 19.Na6 Qb7 20.f3 Rac8 21.b5 Bd7 22.a4 Be6 {#R}
0-1

[Event "Zahoracky IM 2017"]
[Site "Senica SVK"]
[Date "2017.05.12"]
[Round "6.2"]
[White "Sahidi,Samir"]
[Black "Gasa,A"]
[Result "1-0"]
[WhiteElo "2210"]
[BlackElo "2286"]

1.d4 Nf6 2.c4 e6 3.Nf3 Bb4+ 4.Bd2 Qe7 5.g3 O-O 6.Bg2 Bxd2+ 7.Qxd2 d6 8.Nc3 c6
9.e4 e5 10.O-O Bg4 11.Nh4 Na6 12.h3 Bd7 13.Rfe1 Rfe8 14.Rad1 Rad8 15.Nf5 Bxf5
16.exf5 Qc7 17.d5 c5 18.Bf3 h6 19.Kg2 Nb8 20.Re3 Nbd7 21.Be4 a6 22.a4 Qa5
23.Bc2 Rb8 24.g4 Qd8 25.Qe2 Nh7 26.Rh1 Ndf8 27.h4 f6 28.Ne4 g5 29.hxg5 hxg5
30.Reh3 Re7 31.Rh6 Rf7 32.Ng3 Qa5 33.Rg6+ Kh8 34.Ne4 Qd8 35.Rhh6 Nxg6 36.fxg6
Qf8 37.Rxh7+ Rxh7 38.gxh7 Qe7 39.Qf3 Rf8 40.Qf5 Rf7 41.Qe6 Rxh7 42.Nxd6 Rg7
43.Nf5 {#r} 1-0

[Event "Zahoracky IM 2017"]
[Site "Senica SVK"]
[Date "2017.05.10"]
[Round "4.3"]
[White "Sahidi,Samir"]
[Black "Komliakov,V"]
[Result "1-0"]
[WhiteElo "2210"]
[BlackElo "2394"]

1.e4 g6 2.d4 Bg7 3.Nf3 d6 4.Nc3 Nf6 5.Bf4 O-O 6.Qd2 Bg4 7.Be2 Nc6 8.d5 Bxf3
9.Bxf3 Ne5 10.Be2 c6 11.Bxe5 dxe5 12.dxc6 Qxd2+ 13.Kxd2 Bh6+ 14.Ke1 bxc6
15.Bd3 Rfd8 16.Ke2 Rd4 17.b3 Rad8 18.f3 Nh5 19.g3 Ng7 20.Na4 Ne6 21.Nb2 R4d7
22.c3 Nc5 23.Rhd1 a5 24.Rab1 Kg7 25.b4 axb4 26.cxb4 Ne6 27.Kf2 Rd4 28.a3 Ra8
29.Nc4 f6 30.Na5 Rd6 31.Bc4 Rxd1 32.Rxd1 Nd4 33.Ra1 f5 34.Ra2 Kf6 35.Nb3 e6
36.Nc5 Ra7 37.a4 Ke7 38.a5 Kd6 39.Be2 Bg5 40.a6 Bd8 41.Nb7+ Ke7 42.Nxd8 Kxd8
43.Bc4 Ke7 44.Ke3 Kd6 45.f4 Nb5 46.Bxb5 cxb5 47.Ra5 exf4+ 48.gxf4 Kc6 49.exf5
exf5 50.Kd4 Kb6 51.Ke5 Kc6 52.h4 Kb6 53.Kd6 h6 54.Ke5 {#r} 1-0

[Event "Zahoracky IM 2017"]
[Site "Senica SVK"]
[Date "2017.05.09"]
[Round "2.4"]
[White "Sahidi,Samir"]
[Black "Brhel,J"]
[Result "1-0"]
[WhiteElo "2210"]
[BlackElo "2070"]

1.d4 Nf6 2.c4 e6 3.Nf3 b6 4.g3 Bb7 5.Bg2 c5 6.d5 exd5 7.Nh4 g6 8.O-O Bg7 9.Nc3
O-O 10.cxd5 d6 11.Re1 Ne8 12.e4 Bf6 13.Nf3 Nd7 14.Bf4 Qe7 15.Qd2 Nc7 16.e5
dxe5 17.d6 Qd8 18.dxc7 Qxc7 19.Bg5 Bxg5 20.Qxg5 f5 21.Nxe5 Nxe5 22.Bxb7 Rae8
23.Bd5+ Kg7 24.Re2 b5 25.Rae1 b4 26.Nb5 Qb8 27.Nxa7 Nf7 28.Re7 Qd8 29.Bxf7
Rxf7 30.Nc6 Rexe7 31.Nxe7 Qd4 32.Qe3 Qxb2 33.Qxc5 Qxa2 34.Qd4+ {#r} 1-0

[Event "6th Llucmajor Open 2017"]
[Site "Llucmajor ESP"]
[Date "2017.05.14"]
[Round "2.7"]
[White "Galiana Fernandez,Adrian"]
[Black "Kunin,V"]
[Result "0-1"]
[WhiteElo "2216"]
[BlackElo "2551"]

1.e4 d6 2.d4 Nf6 3.Nc3 Nbd7 4.Nf3 e5 5.Bc4 Be7 6.O-O O-O 7.a4 c6 8.a5 Qc7
9.Qe2 exd4 10.Nxd4 Ne5 11.Bb3 Bg4 12.f3 Bd7 13.Be3 b5 14.axb6 axb6 15.Rxa8
Rxa8 16.Rd1 b5 17.Nf5 Bxf5 18.exf5 d5 19.Kh1 b4 20.Na4 Re8 21.Bf2 Bf8 22.Qa6
Qd7 23.Nc5 Qxf5 24.Kg1 Qg6 25.Kf1 Qh5 26.Nd3 Qxh2 27.Nxe5 Qh1+ 28.Bg1 Bc5 {#R}
0-1

[Event "German Int Juniors 2017"]
[Site "Stroebeck GER"]
[Date "2017.05.11"]
[Round "1.1"]
[White "Fieberg,Samuel"]
[Black "Sondergaard,Jesper Thybo"]
[Result "0-1"]
[WhiteElo "2221"]
[BlackElo "2449"]
[EventType "k.o."]

1.e4 e5 2.Nf3 Nc6 3.Bc4 Bc5 4.c3 Nf6 5.d4 exd4 6.O-O Nxe4 7.cxd4 d5 8.dxc5
dxc4 9.Qe2 Qd3 10.Re1 f5 11.Nc3 O-O 12.Nxe4 fxe4 13.Qxe4 Bf5 14.Qh4 Rae8
15.Bf4 Rxe1+ 16.Rxe1 c3 17.bxc3 Qxc3 18.Bxc7 Bg6 19.Bf4 Qxc5 20.Be3 Qd5 21.Qa4
b5 22.Qb3 Qxb3 23.axb3 Rd8 24.h4 a5 25.Rc1 Be4 26.Nd2 Bd5 27.f3 Re8 28.Kf2 Nb4
29.Rc3 Bf7 30.Ne4 Nd5 31.Rc5 Nxe3 32.Kxe3 Bxb3 33.Rxb5 a4 34.Kd4 Ra8 35.Nc5
Bf7 36.Rb1 a3 37.Ra1 a2 38.Ne4 Rb8 39.Nc3 Rb4+ 40.Ke3 Rxh4 41.f4 Rh6 42.g4
Rh3+ 43.Kd4 h6 44.g5 hxg5 45.fxg5 Rg3 46.Ne4 Rb3 47.Nc3 Rb4+ 48.Ke3 Rg4 49.Ne4
Rg2 50.Kf3 Rb2 51.g6 Bxg6 52.Nc3 Rb3 {#R} 0-1

[Event "German Int Juniors 2017"]
[Site "Stroebeck GER"]
[Date "2017.05.12"]
[Round "1.2"]
[White "Riess,Alexander"]
[Black "Yankelevich,L"]
[Result "0-1"]
[WhiteElo "2224"]
[BlackElo "2447"]
[EventType "k.o."]

1.d4 d5 2.c4 c6 3.Nf3 Nf6 4.Nc3 e6 5.Bg5 Nbd7 6.cxd5 exd5 7.e3 h6 8.Bh4 g5
9.Bg3 Nh5 10.Be5 Nhf6 11.Bg3 Nh5 12.Be5 Ng7 13.Bd3 Nxe5 14.Nxe5 Bd6 15.f4 gxf4
16.exf4 Bxe5 17.dxe5 Qb6 18.Qd2 Bf5 19.O-O-O h5 20.Qe1 O-O-O 21.Qg3 Rdg8
22.Rhf1 Kb8 23.Kb1 Qa6 24.Kc1 Bxd3 25.Qxd3 Qxd3 26.Rxd3 Nf5 27.Rf2 Rg4 28.Ne2
Rhg8 29.Rh3 h4 30.g3 hxg3 31.Nxg3 Nxg3 32.hxg3 Rxg3 33.Rh7 R8g7 34.Rh8+ Rg8
35.Rh7 R3g7 36.Rh6 Kc7 37.b4 Rg6 38.Rh7 R8g7 39.Rh8 Rg1+ 40.Kd2 Rb1 41.f5 Rb2+
42.Ke3 Rxf2 43.Kxf2 Rg5 {#R} 0-1

[Event "German Int Juniors 2017"]
[Site "Stroebeck GER"]
[Date "2017.05.12"]
[Round "2.1"]
[White "Riess,Alexander"]
[Black "Engel,Luis"]
[Result "1-0"]
[WhiteElo "2224"]
[BlackElo "2362"]
[EventType "k.o."]

1.d4 Nf6 2.c4 g6 3.Nc3 d5 4.Nf3 Bg7 5.cxd5 Nxd5 6.e4 Nxc3 7.bxc3 c5 8.Be3 Qa5
9.Nd2 cxd4 10.Nc4 Qc7 11.cxd4 O-O 12.Rc1 Rd8 13.d5 b5 14.Nd2 Qa5 15.Qb3 Bd7
16.Be2 e6 17.O-O exd5 18.exd5 Na6 19.Ne4 Qb4 20.Bf3 Qxb3 21.axb3 Nb4 22.Bg5
Rdc8 23.Nc5 h6 24.Bd2 Bb2 25.Bxb4 Bxc1 26.Nxd7 Rd8 27.Rxc1 Rxd7 28.d6 Re8
29.Kf1 a5 30.Rc7 {#r} 1-0

[Event "16th Asian Continental w"]
[Site "Chengdu CHN"]
[Date "2017.05.14"]
[Round "3.20"]
[White "Liu Shilan"]
[Black "Mendoza,Shania Mae"]
[Result "0-1"]
[WhiteElo "2234"]
[BlackElo "2019"]

1.e4 e5 2.Nf3 Nc6 3.Bb5 a6 4.Ba4 Nf6 5.d3 Bc5 6.O-O d6 7.c3 b5 8.Bc2 Bb6 9.a4
b4 10.Nbd2 O-O 11.Nc4 Ba7 12.a5 Rb8 13.Ba4 Ne7 14.Be3 Bxe3 15.fxe3 Be6 16.Nfd2
Ng6 17.Qc2 d5 18.exd5 Qxd5 19.Bb3 Qb7 20.cxb4 Nd5 21.e4 Nxb4 22.Qc3 Nc6 23.Bd1
f6 24.Nf3 Rfd8 25.g3 Qb4 26.Ba4 Qxc3 27.bxc3 Rxd3 28.Nfd2 Nge7 29.Ra3 Nxa5
30.Nxa5 Rxd2 31.Nb3 Re2 32.Rd1 h5 33.Nc5 Bc4 34.Bb3 Bxb3 35.Nxb3 Rxe4 36.Rd7
Nf5 37.Rxc7 Re2 38.Rd7 Rc2 39.Nd2 Rbb2 40.Nf1 Rc1 41.c4 Nd4 {#R} 0-1

[Event "TCh-BLR 2017"]
[Site "Minsk BLR"]
[Date "2017.05.11"]
[Round "4.1"]
[White "Terzi,A"]
[Black "Poley,V"]
[Result "0-1"]
[WhiteElo "2237"]
[BlackElo "2271"]

1.e4 c6 2.d4 Na6 3.Nc3 Nc7 4.Be3 d5 5.f3 Nf6 6.Nge2 dxe4 7.fxe4 e5 8.h3 exd4
9.Qxd4 Qxd4 10.Bxd4 Be7 11.Ng3 Ne6 12.Bf2 O-O 13.O-O-O g6 14.Bc4 b5 15.Be2 Nd7
16.Rhe1 Ne5 17.Bf1 a5 18.Nce2 Bg5+ 19.Kb1 Nc4 20.Ng1 Bd2 21.Re2 Bh6 22.Nf3 a4
23.Ree1 Bg7 24.e5 Bb7 25.Rd7 Rfb8 26.b3 axb3 27.cxb3 Bc8 28.Rdd1 Na3+ 29.Kc1
c5 30.Ne4 c4 31.Kb2 Bb7 32.Nf6+ Kh8 33.Rd7 Nc2 34.Red1 cxb3 35.axb3 Nb4 36.Ra1
Rxa1 37.Kxa1 Bxf3 38.gxf3 Nc6 39.Bg3 Ncd4 40.Kb2 Rc8 41.Bd3 Nxf3 42.Bxb5 Rc5
43.Rb7 Nxe5 44.Rb8+ Nf8 45.b4 Nc4+ 46.Ka2 Rxb5 47.Rxb5 Bxf6 48.Rc5 Nb6 49.Rc6
Bd4 50.Rd6 Be3 51.Rd3 Bg5 52.Bf2 Nfd7 53.Rd6 Bf4 54.Rc6 Nd5 55.Bd4+ f6 56.Kb3
Kg7 57.b5 Kf7 58.b6 Nb8 59.Rc8 Ne7 60.b7 Nec6 61.Bb6 Ke6 62.Kc4 h5 63.Kb5 Kd7
64.Rh8 Ke6 65.Rc8 Kd7 66.Rh8 Ke6 67.Rc8 Kd5 68.Rh8 f5 69.Bf2 Nd7 70.h4 Bb8
71.Rg8 Ne7 72.Rd8 Ke6 73.Rc8 f4 74.Ka6 Nd5 75.Kb5 Ne3 76.Re8+ Kf7 77.Rd8 Ke7
78.Rg8 Kf7 79.Rd8 Ke7 80.Rg8 Ng4 81.Bc5+ Nxc5 82.Kxc5 Ne5 83.Kd5 Nd7 84.Rxg6
Nf6+ 85.Kd4 Ba7+ 86.Kd3 f3 87.Rg5 Ng4 88.Rf5 f2 89.Ke2 Ke6 90.Rf8 Kd5 91.Rxf2
{#R} 0-1

[Event "TCh-BLR 2017"]
[Site "Minsk BLR"]
[Date "2017.05.09"]
[Round "2.1"]
[White "Terzi,A"]
[Black "Kusenkova,Natal"]
[Result "1-0"]
[WhiteElo "2237"]
[BlackElo "2062"]

1.e4 e5 2.Nf3 Nc6 3.Bb5 a6 4.Ba4 Nf6 5.d3 b5 6.Bb3 Be7 7.O-O O-O 8.Re1 d6 9.c3
Na5 10.Bc2 c5 11.Nbd2 Nc6 12.Nf1 Be6 13.h3 h6 14.Ng3 Qc7 15.Nh4 Nxe4 16.Rxe4
f5 17.Nhxf5 Bxf5 18.Nxf5 Rxf5 19.d4 cxd4 20.Rg4 Rf6 21.Qd3 Bf8 22.Qh7+ Kf7
23.cxd4 Nxd4 24.Rxd4 {#r} 1-0